| 000 | 00363nam a2200145Ia 4500 | ||
|---|---|---|---|
| 008 | 191201s2007 xx 000 0 und d | ||
| 082 |
_a621.3811 _bSHC |
||
| 100 | _aSHARMA,Sanjay | ||
| 245 | 0 | _aCommunication Systems Analog and Digital | |
| 250 | _aRep | ||
| 260 |
_aN. delhi _bS.K.Kataria _c2007 |
||
| 300 | _a972 | ||
| 650 | _aB.Tech(ECE) | ||
| 942 |
_2ddc _cBK _037 |
||
| 999 |
_c4533 _d4533 |
||